[Event "Dortmund m"]
[Site "Dortmund"]
[Date "2003.08.03"]
[Round "4"]
[White "Belikov, Vladimir"]
[Black "Baramidze, David"]
[Result "1-0"]
[WhiteElo "2499"]
[BlackElo "2470"]
[Annotator "Gershon,A"]
[PlyCount "53"]
[EventDate "2003.07.31"]
[EventType "match"]
[EventRounds "10"]
[EventCountry "GER"]
[SourceTitle "CBM 097"]
[Source "ChessBase"]
[SourceDate "2003.11.11"]
[SourceVersion "1"]
[SourceVersionDate "2003.11.11"]
[SourceQuality "1"]

1. Nf3 d5 2. d4 Nf6 3. c4 e6 4. e3 Be7 5. b3 O-O 6. Bd3 b6 7. O-O Bb7 8. cxd5
exd5 9. Bb2 (9. Nc3 c5 10. Bb2 Na6 11. Rc1 Nc7 12. dxc5 bxc5 13. Na4 Nd7 14.
Ne5 Nxe5 15. Bxe5 Ne6 16. Bf5 $16 {1-0 Janssen,R-Werle,J/Dieren NED 2003/The
Week in Chess 456 (26)}) 9... Nbd7 (9... c5 10. Nbd2 $6 (10. dxc5 $142 bxc5 11.
Nc3 {makes more sense}) 10... Nbd7 11. Qe2 Ne4 12. Rfd1 Qc7 13. Ne5 Nxe5 14.
dxe5 f5 15. f3 Nxd2 16. Rxd2 a6 17. a4 f4 $1 $13 {0-1 Pecorelli Garcia,
H-Gongora,M/Havana CUB 2003/The Week in Chess 445 (38). (38)}) 10. Nc3 c5 11.
Ne5 cxd4 ({In the next game of the match black failed to improve with} 11...
Nxe5 $6 12. dxe5 Ne4 13. Ne2 Rc8 14. Rc1 Rc7 15. Nf4 Qc8 16. Qc2 {and white
still had an endge; 1-0 Belikov,V-Baramidze,D/Dortmund GER 2003/The Week in
Chess 457 (37)}) 12. exd4 {A symetrical position has arised, where white has
the slightly more active pieces, but black can force favorable echanges which
lead to equality.} Ne4 13. Qe2 Ndf6 $6 (13... Nxe5 14. dxe5 (14. Bxe4 dxe4 15.
dxe5 Qd4 16. Rad1 Qxe5 17. Nd5 Qg5 18. Qxe4 $11) 14... Nxc3 15. Bxc3 d4 16. Bb2
Qd5 $11) 14. f3 Nxc3 15. Bxc3 Rc8 16. Bd2 $14 Ne4 $1 {A nice shot, which,
however, does not change the essence of the position} (16... Re8 17. Bb5 Rf8
18. Qd3 $14) 17. Bf4 (17. fxe4 $2 dxe4 18. Be3 (18. Bxe4 Qxd4+ 19. Kh1 Qxe4 $17
) 18... exd3 19. Qxd3 Qd5 $17) 17... Nd6 18. Rac1 Rxc1 19. Rxc1 Bg5 $6 {
Usually, black would like to exhange the light squared B's, and keep the dark
one. However, white pieces are very active, and every exchange works for black
to reduce the pressure.} 20. Qd2 Bxf4 (20... Bf6 21. Qc2 Bg5 (21... g6 22. Qc7
$16) 22. Bxg5 (22. Qd2 $11) 22... Qxg5 23. Re1 (23. Bxh7+ Kh8 24. Bd3 Qe3+ 25.
Kf1 Qxd4 26. Re1 $11) 23... h6 $11) 21. Qxf4 Re8 22. h3 Qe7 $2 {Hard to
believe, but after this natural move black finds himself in trouble} (22... a6
$142 $11) 23. Nc6 $1 Qe3+ $2 {This loses on the spot. The rook gets trapped on
e3, leaving the own camp to white's disposal.} (23... Qd7 24. Nxa7 Ra8 25. Nb5
$1 Nxb5 26. Bxb5 Qxb5 27. Rc7 Rf8 28. Rxb7 $18) 24. Qxe3 Rxe3 25. Ne5 {[%csl
Re3][%cal Gg1f2]} f5 26. Kf2 f4 27. Rc7 {a picturesque position: white has a
simple threat: Rd7, black to move, and can do nothing to defend.} (27. Rc7 {
[%csl Rb7,Rd6]} Bc8 28. Rc6 {[%csl Rc8,Rd6]} Bf5 29. Bxf5 Rxe5 $8 (29... Nxf5
30. Rc8#) 30. dxe5 Nxf5 31. Rc7 $18) 1-0

[Event "St Petersburg-Moscow"]
[Site "St Petersburg"]
[Date "2003.05.03"]
[Round "1"]
[White "Kosyrev, Vladimir"]
[Black "Loginov, Valery A"]
[Result "1/2-1/2"]
[WhiteElo "2530"]
[BlackElo "2540"]
[Annotator "Gershon,A"]
[PlyCount "39"]
[EventDate "2003.05.03"]
[EventType "team"]
[EventRounds "2"]
[EventCountry "RUS"]
[SourceTitle "CBM 095"]
[Source "ChessBase"]
[SourceDate "2003.07.25"]
[SourceVersion "1"]
[SourceVersionDate "2003.07.25"]
[SourceQuality "1"]

1. d4 Nf6 2. c4 e6 3. Nf3 b6 4. e3 Bb7 5. Bd3 d5 6. O-O Nbd7 7. b3 Bd6 8. Bb2
O-O 9. Nc3 c5 10. Qe2 cxd4 $146 {It's quite surprising that such a natural
move has never been tested before.} (10... dxc4 11. bxc4 Qe7 12. Nd2 (12. Nb5
Bb8 13. Rfd1 e5 14. Nxe5 Nxe5 15. dxe5 Bxe5 16. Bxe5 Qxe5 17. a4 Rfd8 18. a5
$14 {1/2-1/2 Huebner,R-Marciano,D/Germany 2000/CBM 74 ext (33)}) 12... cxd4 13.
exd4 Ba3 14. Bxa3 Qxa3 15. Nb3 Ba6 16. Rac1 Rac8 17. f4 Qb4 18. Nd1 Rfe8 19.
Nf2 Bb7 $11 {0-1 Brenninkmeijer,J-Shneider,A/Groningen 1994/CBM 45 ext (44)})
11. exd4 Bf4 {Disturbing white's convenient development. If white wants to
drive the bishop away from f4, he would have to considerably weaken his king 
(after g2-g3)} 12. Rfd1 a6 13. a4 Re8 {[%cal Ge6e5]} 14. g3 e5 $1 {Timely
exploiting an unfortunate placing of white forces.} ({after} 14... Bd6 15. Ne5
Qc7 16. f4 {white gets an unpleasant space advantage.}) 15. dxe5 (15. gxf4 exd4
16. Qc2 (16. Ne5 dxc3 17. Bxc3 Qc7) 16... dxc3 17. Qxc3 Nc5 $17) 15... Bxe5 16.
Nxe5 Rxe5 (16... Nxe5 $2 17. Nxd5 Nxd5 (17... Nxd3 $4 18. Nxf6+ Qxf6 (18...
gxf6 19. Qg4+ Kf8 (19... Kh8 20. Rxd3 $18) 20. Ba3+ $18) 19. Qxe8+ Rxe8 20.
Bxf6 $18) 18. Bxe5 $16 {[%cal Gd1d8]}) 17. Qf3 {Leading to simplifications,
and a quick draw.} (17. Qf1 dxc4 18. Bxc4 Qc7 (18... Qe7 $11)) 17... dxc4 18.
Qxb7 cxd3 19. Rxd3 Qe8 20. Rad1 (20. Rad1 Nc5 21. Qxa8 Qxa8 22. Rd8+ Qxd8 23.
Rxd8+ Re8 24. Rd6 Re6 $11) 1/2-1/2

[Event "NED-ch57"]
[Site "Leeuwarden"]
[Date "2002.06.21"]
[Round "2"]
[White "Janssen, Ruud"]
[Black "Van der Wiel, John"]
[Result "1-0"]
[WhiteElo "2469"]
[BlackElo "2509"]
[Annotator "Gershon,A"]
[PlyCount "53"]
[EventDate "2002.06.20"]
[EventType "tourn"]
[EventRounds "9"]
[EventCountry "NED"]
[EventCategory "13"]
[SourceTitle "CBM 090"]
[Source "ChessBase"]
[SourceDate "2002.09.20"]
[SourceVersion "1"]
[SourceVersionDate "2002.09.20"]
[SourceQuality "1"]

1. d4 Nf6 2. c4 e6 3. Nf3 b6 4. e3 Bb7 5. Bd3 d5 6. O-O Be7 7. Nc3 O-O 8. cxd5
exd5 9. b3 Nbd7 10. Bb2 Re8 11. Rc1 Bf8 {Preventing Ne5, which would have
given white a pleasant space advantage.} (11... a6 12. Ne2 $1 {[%csl Rc6][%cal
Gf3e5,Ge5c6,Ye2g3,Yg3f5]} Bd6 13. Ng3 g6 14. Qc2 Rc8 15. Qe2 {[%csl Ra6]} Ra8
16. Rc2 Qe7 17. Rfc1 $16 {with a very precise play white obtained an advantage
in: 1-0 Malaniuk,V-Yemelin,V/Novgorod 1995/EXT 2000 (53)}) 12. Ne2 c6 $6 (12...
Bd6 {makes more sense although after:.} 13. Bb5 a6 14. Bc6 Bxc6 15. Rxc6 Re6
16. Qc1 Ne4 17. Nf4 Rh6 18. Ne5 {1-0 Kharitonov,A-Mitenkov,A/Moscow 1995/CBM
49 (39). (39) white is better.}) 13. Ng3 g6 14. Ne5 {[%cal Gf2f4]} Nxe5 15.
dxe5 Nd7 16. f4 {White is ready to begin an assault on black's king, whereas
black's fallling behind with his counterplay} Bc5 $2 {severely weakening the
king} (16... Bg7 17. b4 (17. e4 Nc5 18. exd5 Nxd3 19. Qxd3 Qxd5 20. Qxd5 cxd5 {
and black is OK}) 17... a5 18. a3 $14) 17. Qf3 Qe7 18. Kh1 Ba3 19. Bxa3 Qxa3
20. Qg4 $18 {all black pieces are on the Q side, leaving the king alone. Black
main problem is the absence of a dark bishop to protect the king.} Nc5 {
[%cal Gc5e6]} 21. Bb1 Qb4 {[%csl Rg4][%cal Gb4g4] preventing f5} (21... Ne6 22.
f5 {is hopeless.}) 22. Nh5 {[%csl Re8,Rg8][%cal Gh5f6]} a5 {black is willing
to get away with an exchange loss, but, of course, white is after the king,
not an exchange.} 23. Nf6+ Kg7 24. Qh4 Rh8 (24... h5 25. Nxh5+ gxh5 26. Qg5+
Kf8 27. Qh6+ Kg8 (27... Ke7 28. Qd6#) 28. Bh7+ {mating}) 25. Ng4 {[%cal Gh4h6,
Yg4f6]} Nd7 (25... Kf8 {runs into the cute:} 26. Bxg6 $1 fxg6 27. Qf6+) 26.
Qh6+ Kg8 27. Bf5 $1 {a nice finish.} (27. Bf5 gxf5 28. Nf6+ Nxf6 29. exf6 Qf8
30. Qg5+ Qg7 31. Qxg7#) 1-0

[Event "GER-GRE"]
[Site "Fuerth"]
[Date "2002.09.02"]
[Round "3"]
[White "Halkias, Stelios"]
[Black "Buhmann, Rainer"]
[Result "1/2-1/2"]
[WhiteElo "2550"]
[BlackElo "2527"]
[Annotator "Gershon,A"]
[PlyCount "81"]
[EventDate "2002.08.31"]
[EventType "team"]
[EventRounds "6"]
[EventCountry "GER"]
[SourceTitle "CBM 091"]
[Source "ChessBase"]
[SourceDate "2002.11.12"]
[SourceVersion "1"]
[SourceVersionDate "2002.11.12"]
[SourceQuality "1"]
[WhiteTeam "Greece"]
[BlackTeam "Germany"]
[WhiteTeamCountry "GRE"]
[BlackTeamCountry "GER"]

1. Nf3 e6 2. d4 Nf6 3. c4 d5 4. e3 b6 5. Bd3 Bb7 6. O-O Be7 7. cxd5 exd5 8. Nc3
O-O 9. b3 {This position can arise from several openings.This setup concideres
to be not a dangerous for black,but in fact white has has vicious ideas here,
if black snoozes.} Na6 {Black has a few ways of placing his knights.} (9... Ne4
10. Bb2 Nd7 11. Rc1 c5 12. Ne2 Rc8 13. Ng3 g6 14. Qe2 Bf6 15. Rfd1 $14 {
1-0 Malaniuk,V-Sergeev,V/St Petersburg 2000/CBM 76 (59)}) (9... Nbd7 10. Bb2 c5
11. Rc1 Rc8 12. Qe2 Qc7 13. Nb5 Qb8 14. Ne5 a6 15. Bf5 Bc6 16. Nxc6 Rxc6 17.
Nc3 Qb7 18. Bxd7 Qxd7 19. Qxa6 $16 {1-0 Solozhenkin,E-Agopov,M/Jyvaskyla 2001/
EXT 2002 (25)}) (9... c5 10. Bb2 Na6 11. Rc1 Ne4 12. Ne2 Rc8 13. a3 Nc7 14. Ng3
Ne6 15. dxc5 bxc5 16. Qc2 Bf6 17. Bxe4 dxe4 18. Bxf6 Qxf6 19. Nxe4 Bxe4 20.
Qxe4 Qb2 $16 {1-0 Zhukova,N-Olarasu,G/Tusnad 1997/EXT 99 (53)}) 10. Bb2 c6 $6 {
Too slow,now white is able to reach a flexible setup for his pieces.} (10... c5
$5 11. Rc1 Ne4 12. Ne5 cxd4 13. exd4 Nb4 14. Bb1 Rc8 15. a3 Nc6 16. Nxe4 Nxe5
17. Rxc8 Qxc8 18. Ng3 $14 {[%cal Gg3f5] White is slightly better.  1-0
Malaniuk,V-Sjodahl,P/Bozen 1992/TD (60)}) 11. Ne5 Nc7 12. Ne2 {The point of
white's setup: the N is heading to g3, and all white pieces are extremely well
coordinated.} (12. f4 $5 c5 13. Qf3 cxd4 14. exd4 Ne6 15. Ne2 Ne4 16. Rac1 {
[%cal Ge5c6,Gf3h3]} Nd2 $6 17. Qh3 g6 18. Rfd1 (18. Rfe1 Ne4 19. f5 {With a
complicated position.}) 18... Ne4 19. Nc6 Bxc6 20. Rxc6 Qd7 21. Rcc1 $11) 12...
Ne6 13. Rc1 $14 Rc8 14. Ng3 {[%cal Gg3f5]} Re8 15. Qe2 (15. Rc2 $5 Rc7 16. Qa1
$14 {[%cal Gf1c1,Ga2a3,Gb3b4,Ga1g7]}) 15... Rc7 16. Rc2 Bf8 17. Rfc1 Qa8 {
Both players play logical moves.} 18. a4 $6 {weakens the Q side, in case of
black's c5.} a5 $14 19. h4 $5 c5 20. Nh5 $6 {Provoking g6, but allows black an
important tempo to play Bg7, and cover the long diagonal} (20. Bb5 $142 $5 Rec8
21. dxc5 bxc5 22. Ng4 $14 {[%cal Gb2g7] With some initiative.}) 20... Nxh5 21.
Qxh5 g6 22. Qg4 Bg7 23. Bb5 $6 (23. h5 $5) 23... Ree7 (23... Rec8 $6 24. Bd7 {
[%cal Gd7c8,Gd7e6]}) 24. Nd3 $6 {Now black is out of danger.} (24. h5 $5 cxd4
25. exd4 Rxc2 26. Rxc2 {[%csl Gc6]} Nxd4 $140 $2 27. Bxd4 Bxe5 28. hxg6 fxg6
29. Re2 $18 Bd6 30. Rxe7 Bxe7 31. Qe6+ Kf8 32. Qe5) 24... Qc8 25. dxc5 (25. h5
$2 cxd4 26. Rxc7 Rxc7 27. Rxc7 Qxc7 28. hxg6 hxg6 $17 {[%cal Gc7c2]}) 25...
Bxb2 26. Rxb2 (26. Nxb2 bxc5 $11) 26... bxc5 27. Qg3 (27. h5 $5 d4 28. hxg6
hxg6 29. exd4 cxd4 (29... Nxd4 30. Qxc8+ Bxc8 31. Rxc5 $16) 30. Rxc7 Qxc7 31.
Bc4 {[%cal Gc4e6,Gg4d4,Gb2e2] With a dynamically equal position.}) 27... d4 $1
{Just in time!} 28. Bc4 dxe3 29. fxe3 Ng7 $1 {[%cal Gg7f5,Gf5h4,Gf5g3,Gf5e3,
Ge7e3]} 30. Ne5 $5 (30. Rf2 $5 Nf5 31. Qg5 Nxe3 (31... Rxe3 32. Rxf5 $18 {
[%cal Gg5e3]}) 32. Rxf7 Rxf7 33. Qxe3 {[%cal Gd3e5]} Qg4 {[%cal Gg4g2]} 34. Qg5
$1 Qd4+ 35. Kh1 Kh8 36. Bxf7 Rxf7 37. Qe5+ Qxe5 38. Nxe5 Rf2 39. Rxc5 Rxg2 40.
Rc8+ Bxc8 41. Kxg2 $11) 30... Ba6 (30... Nh5 $5 31. Qg5 Kg7 32. Nxf7 $36 Rxf7
33. Bxf7 Rxf7 (33... Kxf7 34. Rf2+ Kg8 35. Rcf1) 34. Rxc5 Qd7 $15) 31. Bd5 Bb7
32. Bc4 (32. e4 $1) 32... Nh5 33. Qg5 Kg7 34. Ng4 (34. Nxf7 $5 Rxf7 35. Bxf7
Rxf7 36. Rxc5 Qd7 37. Qe5+ Nf6 38. Qd4 $14 {[%cal Gb2f2]}) 34... f6 35. Qh6+
Kh8 36. Rd2 {[%csl Rh8][%cal Gc1d1]} Re8 {[%cal Gc8g4]} (36... Rcd7 $2 37. Rxd7
Rxd7 (37... Qxd7 38. Qf8#) 38. Be6) (36... Qxg4 37. Qf8#) 37. Bb5 (37. Nf2 $5 {
[%cal Gc1d1] With interesting complications.} Ng7 {[%cal Gg7f5]} (37... Ng3 38.
Qf4 Nh5 39. Qh6 $11) 38. Rcd1 Nf5 39. Qf4 $14 {[%csl Rf6][%cal Ge3e4]}) 37...
Rg8 $1 (37... Bc6 $6 38. Bxc6 Rxc6 39. Rcd1 {[%cal Gd2d7,Gd7h7]} Qxg4 $2 (39...
Rc7 40. Nf2 $14 {[%cal Gf2e4]}) 40. Rd7 $18 {[%csl Rh7]}) 38. Bc4 (38. Nf2 $5)
38... Re8 39. Bb5 Rg8 40. Bc4 Re8 41. Bb5 1/2-1/2

[Event "Bundesliga 0203"]
[Site "Germany"]
[Date "2003.03.15"]
[Round "13.1"]
[White "Piket, Jeroen"]
[Black "Breder, Dennis"]
[Result "1/2-1/2"]
[WhiteElo "2646"]
[BlackElo "2440"]
[Annotator "Gershon,A"]
[PlyCount "90"]
[EventDate "2002.10.19"]
[EventType "team-tourn"]
[EventRounds "15"]
[EventCountry "GER"]
[SourceTitle "CBM 094"]
[Source "ChessBase"]
[SourceDate "2003.05.26"]
[SourceVersion "1"]
[SourceVersionDate "2003.05.26"]
[SourceQuality "1"]
[WhiteTeam "Solingen"]
[BlackTeam "Godesberg"]
[WhiteTeamCountry "GER"]
[BlackTeamCountry "GER"]

1. d4 Nf6 2. c4 e6 3. Nf3 b6 4. e3 Bb7 5. Bd3 d5 6. O-O Be7 7. b3 O-O 8. Bb2 c5
9. Nbd2 cxd4 10. exd4 Ne4 11. Qe2 {Other moves do not yield white anything real
} (11. Re1 Nxd2 12. Nxd2 Nd7 13. Nf3 Rc8 14. Rc1 Re8 15. Qe2 Bd6 16. Qe3 dxc4
17. bxc4 Qc7 18. g3 Nf6 19. Bf1 Qb8 $11 {1/2-1/2 Karpov,A-Portisch,L/La
Valetta 1980/EXT 2000 (31). (30)}) (11. Ne5 Nxd2 12. Qxd2 Nd7 13. f4 Rc8 14.
Rae1 Rc7 15. Qe2 g6 16. Qe3 Nf6 $11 {0-1 Lobron,E-Karpov,A/Frankfurt 1997/CBM
58 ext (30)}) 11... Nxd2 12. Nxd2 Bf6 (12... Nc6 $143 {the knight is misplaced
on c6} 13. Nf3 Bf6 14. Rad1 Rc8 15. Ne5 Ba6 16. Ba3 dxc4 17. bxc4 Ne7 18. d5 $1
exd5 19. cxd5 Bxd3 20. Rxd3 Bxe5 21. Qxe5 Ng6 22. Qd4 Re8 23. Bb2 $16 {1-0
Akobian,V-Casella,M/Los Angeles USA 2002/The Week in Chess 422 (35)}) 13. Nf3
Nd7 {black's idea is to place his pieces flexibly with Rc8, Qc7-b8 and Rfd8
before initiating exchanes in the centre.} 14. Rad1 Qc7 15. Rfe1 Rac8 16. Ne5
dxc4 ({black can't improve his position anymore:} 16... Rfd8 $4 17. Nxf7 $1
Kxf7 18. Qxe6+ Kf8 19. Bxh7 $18 {[%cal Ge6g8]}) 17. Bxc4 (17. bxc4 Bxe5 18.
dxe5 Rfd8 $15) 17... Nxe5 18. dxe5 Be7 {The pawn structure is determined.
White has a slight edge due to more space for manoeuvering, but black's
position is still solid and the two open files allow his to neutralize white's
activity by forcing exchanges.} 19. Qg4 $1 {the only way to pary Rfd8} Rfd8 20.
Rd6 $1 {the point of white's last move .Now after Bxd6 g7 is attacked.} b5 $1 {
black finds a very good couterchance} (20... Bxd6 21. exd6 f5 22. dxc7 fxg4 23.
cxd8=Q+ {winning a piece and the game}) 21. Bd3 (21. Bxb5 Qa5 {[%csl Rb5,Re1]
[%cal Ga5e1,Ga5b5]}) 21... Qa5 {[%csl Ra2,Re1]} 22. Ra1 {the rook on d6 is
still untouchable} Bf8 {[%cal Gg7g6,Yf8g7]} (22... Bxd6 23. exd6 g6 (23... e5
24. Bxe5 g6 25. Qf4 {winning}) 24. Qd4) 23. h3 (23. h4 $5 {was a sharper
alternative to the text, targeting black's plan} g6 24. h5 Qd2 25. hxg6 hxg6
26. Qd4 Bxd6 (26... Qg5 27. Bf1 Bxd6 28. exd6 Qh6 29. Qxa7 Rd7 30. Qd4 $44) 27.
exd6 Qh6 28. d7 $44) 23... g6 24. Qg5 b4 {[%cal Ga5g5]} 25. Qf4 {[%csl Rb4]}
Bg7 26. Rxd8+ {Finally, black forces white to give up the possesion of the 'd'
file, after which the position becomes roughtly equal} Rxd8 27. Bc4 Bd5 28. Bf1
Rc8 29. a3 bxa3 30. Rxa3 Qc7 31. b4 {preparing Bd4} (31. Bd4 a5 32. b4 axb4 33.
Ra7 Bb7) 31... Bf8 32. Bd4 Qc1 $1 {right on time} 33. Qg3 $6 (33. Qxc1 Rxc1 34.
Rc3 $11) 33... Qd1 $1 {[%cal Gc8c1] it is white now, who has to be careful} (
33... Bxb4 34. Rxa7 Bc4 35. Ra1 Qd2 36. Be3 $14 {[%cal Ga1c1]}) 34. Rd3 Qe1 35.
Bc3 Qb1 36. Rxd5 $2 {trying to complicate matters in time trouble, however,
the sacrifice is refuted easily.} (36. Qg4 $1 Bc4 37. Rd1 Qb3 $15) 36... exd5
37. e6 Qf5 38. exf7+ Qxf7 $17 39. Bd4 Bg7 40. Bc5 Bf8 (40... a5 $1 {would have
given black good winning chances}) 41. Bd4 Rc1 (41... Bxb4 $2 42. Qe5 Kf8 43.
Qh8+ Qg8 44. Qf6+ $11) 42. Qe3 Rc7 (42... Rb1 $5 43. Qe5 Bg7 44. Qb8+ Qf8 45.
Qb7 Rxb4 46. Qxd5+ Qf7 47. Qd8+ Bf8 $17) 43. g3 Bg7 44. Bc5 Bf6 45. Bb5 Be7 {
failing to improve his position, black offered a draw.} 1/2-1/2

[Event "EU-Cup 20th"]
[Site "Izmir"]
[Date "2004.10.08"]
[Round "6.2"]
[White "Vaganian, Rafael A"]
[Black "Stohl, Igor"]
[Result "1-0"]
[WhiteElo "2640"]
[BlackElo "2561"]
[Annotator "Gershon,A"]
[PlyCount "37"]
[EventDate "2004.10.03"]
[EventType "team-swiss"]
[EventRounds "7"]
[EventCountry "TUR"]
[SourceTitle "CBM 104"]
[Source "ChessBase"]
[SourceDate "2005.01.27"]
[SourceVersion "1"]
[SourceVersionDate "2005.01.27"]
[SourceQuality "1"]
[WhiteTeam "Ekaterinburg Max Ven"]
[BlackTeam "Zalaegerszeg"]
[WhiteTeamCountry "RUS"]
[BlackTeamCountry "HUN"]

1. d4 Nf6 2. c4 e6 3. Nf3 b6 4. e3 Bb7 5. Bd3 c5 6. O-O g6 7. d5 {'!?' An
extremely interesting plan. White makes use of the fact that Black's falling
behind in development and opens up the center, in a small cost of a pawn. In
both games that featured this move so far, White scored a hundred percent.}
exd5 8. cxd5 Bxd5 {'?' And this is a suicide. Black doesn't have the luxury of
spending two precious tempi to capture a pawn.} (8... Bg7 9. e4 O-O 10. Nc3 d6
11. Bf4 {White achived a very favorable Benoni setup, with Black developing
his B to an unfortunate square (b7).} Na6 12. Nd2 Nh5 13. Be3 Nb4 14. Be2 f5
15. exf5 gxf5 16. Bxh5 f4 17. Bxc5 dxc5 18. Bf3 $16 {1-0 Gelashvili,
T-Iordachescu,V/Dubai UAE 2004/The Week in Chess 494 (48)}) 9. e4 Bc6 (9...
Bxe4 10. Bxe4 Nxe4 11. Qd5 $18) (9... Nxe4 10. Re1 f5 11. Nc3 Bc6 12. Bxe4 fxe4
13. Nxe4 $18) 10. e5 Nd5 11. Nbd2 Nc7 (11... Bg7 12. Ne4 O-O 13. Re1 {White's
compensation is much stronger than the material sacrificed for it.}) 12. b4 {
'?' White wants to get another key square (d4) for his pieces, but in fact
he's just wasting important time, allowing Black to minimize the damages of
the opening.} (12. Ne4 {Was a simple and strong continuation}) 12... d6 {
'!' Hard to believe, but this move, opening the 'e' file with a king in the
center, is dynamically justified. White cannot exploit the open line, whereas
black gets to evacuate the king, and get rid of white's pawn on e5} (12... cxb4
13. Ne4 Be7 14. Bh6 {it's just a matter of time before Black's position
collapses}) (12... d5 {would have been even more convincing}) 13. exd6 (13. Bb2
d5 14. e6 f6) 13... Bxd6 14. Bb2 (14. Re1+ Be7 (14... Ne6 15. b5 Bd5 16. Bc4
Bxc4 17. Nxc4 Bc7 18. Qb3 O-O 19. Bh6 Re8 20. Qc3 {[%cal Ge1e6]} Nd4 21. Nxd4
cxd4 22. Qxd4 $1 $18) 15. Ne4 O-O 16. Bh6 $16) 14... O-O 15. Ne4 Be7 16. Ne5
Ne6 17. bxc5 bxc5 18. Rc1 Qb6 (18... Bd5 {Covering the a2-g8 diagonal, thus
preparing to meet Ng4 with f6.} 19. Ng4 f6 (19... Nd4 20. Nxc5 Nbc6 21. Bb5 $1
$18) 20. Nc3 $1 {This rather unobvious move, ends the game on the spot, as
black cannot cover all his weaknesses anymore.}) 19. Qc2 {I believe the
remaining moves are unavailable, since there is no reason for Black to give up
yet. He is worse, of course, but can still keep fighting with 19...Nd7.} 1-0